| 000 | 00815nam a22002537a 4500 | ||
|---|---|---|---|
| 005 | 20191224042340.0 | ||
| 008 | 171107b 2013ck ||||| |||| 00| 0 spa d | ||
| 020 | _a9789588306-933 | ||
| 040 |
_aCO-BoIAVH _cCO-BoIAVH |
||
| 041 | _aspa | ||
| 044 | _ack | ||
| 082 |
_a641.33851 _bV73p |
||
| 245 | 1 | 0 | _aPalma de aceite en Colombia |
| 260 |
_aBogotá: _bVilegas Editores, _c2013. |
||
| 300 |
_a336 páginas _bfotografías a color _c26 x 31cm |
||
| 600 | 0 | _aVillegas, Benjamín | |
| 650 | 1 | 4 |
_aAceite de palma _vUsos _zColombia |
| 650 | 1 | 4 |
_aDesarrollo sostenible _vPalma de aceite |
| 650 | 1 | 4 |
_aAceite de palma _xProducción _zColombia |
| 650 | 1 | 4 |
_aAceite de palma _vConsumo |
| 650 | 1 | 4 | _aCadena de producción de aceites |
| 942 |
_2ddc _cLIBRO |
||
| 945 | _d2017-11-07 | ||
| 999 |
_c19959 _d19959 |
||